000 00664nam a2200241Ia 4500
003 OSt
005 20220918230504.0
006 a|||||r|||| 00| 0
007 ta
008 220917b |||||||| |||| 00| 0 eng d
024 _a254,206
037 _cTextual
040 _aARTS
_cARTS
_beng
041 _2eng
_aeng
082 _aV6:1:N5, K3
100 _aAdera Teshome Ed.
_9152719
245 0 _aNationalist Leaders and African unity
260 _aAddis
_bAbaba Ethiopian National Patriotic Association
_c1963
300 _axv,208p.
_ccm.
650 _aHISTORY
942 _hV6:1:N5, K3
_cTEXL
_2CC
999 _c288197
_d288197